[Event "Titled Tuesday intern op 01st Apr Early"]
[Site "Chess.com INT"]
[Date "2025.04.01"]
[Round "5"]
[White "Vaganian, Rafael A"]
[Black "Manon Og, Ramon Jr"]
[Result "1-0"]
[WhiteElo "2449"]
[BlackElo "1936"]
[PlyCount "87"]
[EventDate "2025.04.01"]
[EventType "swiss (blitz)"]
[EventRounds "11"]
[EventCountry "USA"]
[SourceTitle "CB15_2025"]
[SourceDate "2025.04.09"]
[SourceVersion "1"]
[SourceVersionDate "2025.04.09"]
[SourceQuality "1"]

1. d4 Nf6 2. Nf3 g6 3. g3 Bg7 4. Bg2 d5 5. c4 0-0 6. 0-0 c6 7. cxd5 cxd5 8. Ne5 Nc6 9. Nc3 Bf5 10. Nxc6 bxc6 11. Na4 Ne4 12. Be3 Rb8 13. Rc1 Qd7 14. b3 Rbc8 15. f3 Nd6 16. Bf2 e5 17. dxe5 Bxe5 18. Bd4 Qe7 19. Re1 Rfe8 20. Qd2 Nb5 21. Bxe5 Qxe5 22. e3 h5 23. Nc5 d4 24. e4 Be6 25. f4 Qf6 26. e5 Qe7 27. a4 Nc3 28. Qxd4 Nd5 29. Ne4 Red8 30. Nd6 Rc7 31. b4 Rb8 32. b5 Rb6 33. a5 Rb8 34. Rxc6 Rxc6 35. bxc6 Rb4 36. Qc5 Rb2 37. Bxd5 Bxd5 38. Qxd5 h4 39. Rc1 hxg3 40. Qxf7+ Qxf7 41. Nxf7 Kxf7 42. c7 gxh2+ 43. Kh1 Ke7 44. c8Q 1-0

[Event "Titled Tuesday intern op 18th Mar Late"]
[Site "Chess.com INT"]
[Date "2025.03.18"]
[Round "3"]
[White "Manon Og, Ramon Jr"]
[Black "Hajiyev, Kanan"]
[Result "1-0"]
[WhiteElo "1936"]
[BlackElo "2159"]
[PlyCount "63"]
[EventDate "2025.03.18"]
[EventType "swiss (blitz)"]
[EventRounds "11"]
[EventCountry "USA"]
[SourceTitle "CB13_2025"]
[SourceDate "2025.03.26"]
[SourceVersion "1"]
[SourceVersionDate "2025.03.26"]
[SourceQuality "1"]

1. e4 a6 2. d4 c6 3. Nf3 d5 4. exd5 cxd5 5. c3 Bg4 6. Bg5 Nc6 7. Be2 Qb6 8. Qc1 e6 9. 0-0 Bd6 10. h3 Bh5 11. Nbd2 Nf6 12. Re1 0-0 13. Bxf6 gxf6 14. c4 Nxd4 15. Nxd4 Qxd4 16. Bxh5 Bf4 17. Rd1 b5 18. cxd5 Rac8 19. Nf3 Rxc1 20. Nxd4 Rxa1 21. Rxa1 Be5 22. Nc6 Bxb2 23. Rb1 Bc3 24. d6 f5 25. d7 Bf6 26. Rd1 Bd8 27. Ne5 Kg7 28. Rc1 Kf6 29. f4 Ke7 30. Rc6 f6 31. Nd3 a5 32. Nc5 1-0

[Event "Titled Tuesday intern op 25th Feb Early"]
[Site "Chess.com INT"]
[Date "2025.02.25"]
[Round "1"]
[White "Manon Og, Ramon Jr"]
[Black "Rozman, Levy"]
[Result "0-1"]
[WhiteElo "1936"]
[BlackElo "2324"]
[PlyCount "66"]
[EventDate "2025.02.25"]
[EventType "swiss (blitz)"]
[EventRounds "11"]
[EventCountry "USA"]
[SourceTitle "CB10_2025"]
[SourceDate "2025.03.05"]
[SourceVersion "1"]
[SourceVersionDate "2025.03.05"]
[SourceQuality "1"]

1. e4 d5 2. exd5 Qxd5 3. Nc3 Qa5 4. d4 Nf6 5. Nf3 Bf5 6. Bd3 e6 7. 0-0 Be7 8. a3 Bxd3 9. Qxd3 Nc6 10. Bf4 0-0-0 11. Nb5 Nd5 12. Bg3 a6 13. Nc3 Nxc3 14. bxc3 Bd6 15. Bh4 Rd7 16. Nd2 g5 17. Nc4 Qd5 18. Nxd6+ Rxd6 19. Bg3 Rd7 20. Rfe1 h5 21. h4 gxh4 22. Bxh4 Rg8 23. Qe4 Qc4 24. Qe3 e5 25. Bf6 exd4 26. cxd4 Qxc2 27. g3 Qf5 28. Bh4 Nxd4 29. Qe8+ Rd8 30. Qe3 Nf3+ 31. Kg2 Nxh4+ 32. Kh2 Nf3+ 33. Kh1 Qh3# 0-1

[Event "Titled Tuesday intern op 24th Sep Early"]
[Site "Chess.com INT"]
[Date "2024.09.24"]
[Round "6"]
[White "Manon Og, Ramon Jr"]
[Black "Golubovic, Erik"]
[Result "0-1"]
[WhiteElo "1936"]
[BlackElo "2117"]
[PlyCount "120"]
[EventDate "2024.09.24"]
[EventType "swiss (blitz)"]
[EventRounds "11"]
[EventCountry "USA"]
[SourceTitle "EXT 2025"]
[Source "ChessBase"]
[SourceDate "2024.10.14"]
[SourceVersion "1"]
[SourceVersionDate "2024.10.14"]
[SourceQuality "1"]

1. e4 c5 2. Nf3 d6 3. Bb5+ Bd7 4. Bxd7+ Qxd7 5. c4 Nf6 6. Nc3 Nc6 7. d4 cxd4 8. Nxd4 g6 9. f3 Bg7 10. Be3 0-0 11. 0-0 a6 12. b3 Nxd4 13. Bxd4 b5 14. cxb5 axb5 15. Qe2 b4 16. Na4 Qb7 17. Rac1 Nd7 18. Bxg7 Kxg7 19. f4 Rac8 20. h3 Rxc1 21. Rxc1 Rc8 22. Rc4 Rxc4 23. Qxc4 Kg8 24. Kh1 e6 25. Qd4 Qc6 26. Kh2 Qc1 27. Qxd6 Nf6 28. Qe5 Nd7 29. Qg5 Kg7 30. h4 h6 31. Qg3 Nf6 32. Qf3 Qc2 33. e5 Nd5 34. Kg3 Qxa2 35. Nc5 h5 36. Ne4 Qc2 37. Ng5 Qc3 38. Ne4 Qxf3+ 39. Kxf3 f6 40. exf6+ Nxf6 41. Nc5 Kf7 42. Nd3 Nd5 43. Ke4 Kf6 44. Ne5 Nc3+ 45. Kd3 Nd5 46. g3 Kf5 47. Nc6 Kg4 48. Ke4 Kxg3 49. Ke5 Kxh4 50. Kxe6 Nxf4+ 51. Kf6 g5 52. Nxb4 g4 53. Nc2 g3 54. Ne1 Kh3 55. b4 Nd3 56. Nxd3 g2 57. Nf2+ Kg3 58. Ne4+ Kf4 59. Ng5 Kg4 60. Nf3 Kxf3 0-1

[Event "Titled Tuesday intern op 24th Sep Early"]
[Site "Chess.com INT"]
[Date "2024.09.24"]
[Round "5"]
[White "Manon Og, Ramon Jr"]
[Black "Shapiro, Viktor"]
[Result "0-1"]
[WhiteElo "1936"]
[BlackElo "2074"]
[PlyCount "156"]
[EventDate "2024.09.24"]
[EventType "swiss (blitz)"]
[EventRounds "11"]
[EventCountry "USA"]
[SourceTitle "EXT 2025"]
[Source "ChessBase"]
[SourceDate "2024.10.14"]
[SourceVersion "1"]
[SourceVersionDate "2024.10.14"]
[SourceQuality "1"]

1. e4 e5 2. Nf3 Nc6 3. Bc4 Bc5 4. c3 Nf6 5. d4 exd4 6. e5 d5 7. Bb5 Ne4 8. cxd4 Bb6 9. Nc3 0-0 10. Be3 Ba5 11. Qb3 Ne7 12. 0-0 c6 13. Bd3 Bxc3 14. bxc3 b6 15. Ng5 Bf5 16. Nxe4 dxe4 17. Ba6 Qd7 18. c4 Rab8 19. a4 Rfd8 20. Rad1 h6 21. Bf4 Be6 22. Qe3 Ng6 23. Qxe4 Qe7 24. Be3 Bd7 25. f4 c5 26. d5 Bxa4 27. Ra1 Bd7 28. e6 fxe6 29. Qxg6 exd5 30. Rae1 Be8 31. Qg3 Qd6 32. cxd5 b5 33. Ra1 Rb6 34. Qh4 Rdb8 35. Rfc1 Rxa6 36. Bxc5 Qf6 37. Qxf6 Rxf6 38. Rxa7 Rc8 39. g3 Rf5 40. Rc3 Rxd5 41. Bd4 Rxc3 42. Bxc3 Rd7 43. Ra8 Kf7 44. Bb4 Rd4 45. Rb8 Rxb4 46. Rb7+ Kg8 47. Rb8 Re4 48. Kg2 Re7 49. Kf3 Kf7 50. g4 Bc6+ 51. Kg3 Rb7 52. Rc8 Bd7 53. Rc3 b4 54. Rb3 Be6 55. Rb2 b3 56. f5 Bc4 57. h4 Ra7 58. g5 Ra2 59. Rb1 b2 60. Kf4 Bd3 61. Rxb2 Rxb2 62. g6+ Kf6 63. h5 Bxf5 64. Kg3 Rb4 65. Kf3 Kg5 66. Kg3 Kxh5 67. Kh2 Kxg6 68. Kg3 Kf6 69. Kh2 g5 70. Kg3 h5 71. Kh2 h4 72. Kg2 g4 73. Kh2 Kg5 74. Kg2 g3 75. Kh1 h3 76. Kg1 Rb2 77. Kf1 h2 78. Ke1 h1Q# 0-1

[Event "Titled Tuesday intern op 17th Sep Early"]
[Site "Chess,com INT"]
[Date "2024.09.17"]
[Round "7"]
[White "Manon Og, Ramon Jr"]
[Black "Volkov, Sergei"]
[Result "0-1"]
[WhiteElo "1936"]
[BlackElo "2151"]
[PlyCount "50"]
[EventDate "2024.09.17"]
[EventType "swiss (blitz)"]
[EventRounds "11"]
[EventCountry "USA"]
[SourceTitle "EXT 2025"]
[Source "ChessBase"]
[SourceDate "2024.10.14"]
[SourceVersion "1"]
[SourceVersionDate "2024.10.14"]
[SourceQuality "1"]

1. e4 g6 2. d4 Bg7 3. Nc3 d6 4. Be3 a6 5. Qd2 b5 6. a3 Nd7 7. Kd1 Bb7 8. f3 Rc8 9. Kc1 c5 10. h4 h6 11. Nh3 Qc7 12. Bd3 cxd4 13. Bxd4 Bxd4 14. Nd5 Bxd5 15. exd5 Qc5 16. Re1 Ngf6 17. Nf4 Nxd5 18. Qe2 Ne5 19. Nxd5 Qxd5 20. Be4 Qc4 21. Qd2 f5 22. Bb7 Rc7 23. Bxa6 f4 24. a4 Be3 25. Rxe3 fxe3 0-1

[Event "Titled Tuesday intern op 03rd Sep Late"]
[Site "Chess.com INT"]
[Date "2024.09.03"]
[Round "9"]
[White "Antunes, Luciano Justi"]
[Black "Manon Og, Ramon Jr"]
[Result "0-1"]
[WhiteElo "2045"]
[BlackElo "1936"]
[PlyCount "68"]
[EventDate "2024.09.03"]
[EventType "swiss (blitz)"]
[EventRounds "11"]
[EventCountry "USA"]
[SourceTitle "EXT 2025"]
[Source "ChessBase"]
[SourceDate "2024.10.14"]
[SourceVersion "1"]
[SourceVersionDate "2024.10.14"]
[SourceQuality "1"]

1. e4 c5 2. Nc3 d6 3. Bb5+ Nd7 4. d4 c4 5. Bxc4 e6 6. Nf3 Ngf6 7. 0-0 Qc7 8. Bd3 a6 9. a3 Be7 10. Qe2 0-0 11. e5 Ne8 12. Qe4 g6 13. Bh6 Ng7 14. Rad1 Rb8 15. Rfe1 b5 16. d5 Bb7 17. Qd4 dxe5 18. Nxe5 Nxe5 19. Qxe5 Qxe5 20. Rxe5 Bf6 21. Ree1 Bxc3 22. bxc3 Bxd5 23. h3 Rfc8 24. Bxg7 Kxg7 25. f4 Rxc3 26. Ra1 Bc4 27. Be4 Rd8 28. a4 b4 29. a5 Rd4 30. Rab1 Bb5 31. h4 h5 32. Bf3 Rxc2 33. Re5 Ra2 34. Rc1 b3 0-1

[Event "Titled Tuesday intern op 03rd Sep Late"]
[Site "Chess.com INT"]
[Date "2024.09.03"]
[Round "4"]
[White "Joubert, Dantelle"]
[Black "Manon Og, Ramon Jr"]
[Result "0-1"]
[WhiteElo "1740"]
[BlackElo "1936"]
[PlyCount "62"]
[EventDate "2024.09.03"]
[EventType "swiss (blitz)"]
[EventRounds "11"]
[EventCountry "USA"]
[SourceTitle "EXT 2025"]
[Source "ChessBase"]
[SourceDate "2024.10.14"]
[SourceVersion "1"]
[SourceVersionDate "2024.10.14"]
[SourceQuality "1"]

1. d4 Nf6 2. c4 g6 3. Nf3 d5 4. cxd5 Nxd5 5. e4 Nb6 6. Be3 Bg7 7. h3 Nc6 8. Nc3 0-0 9. Be2 e5 10. d5 Ne7 11. Rc1 Bd7 12. a4 f5 13. a5 Nbc8 14. exf5 gxf5 15. Bc4 Nd6 16. Ba2 Kh8 17. Ng5 Bf6 18. Qh5 Bxg5 19. Bxg5 Qe8 20. Qxe8 Raxe8 21. 0-0 f4 22. Bxe7 Rxe7 23. f3 Rg8 24. Kf2 Reg7 25. Rg1 Nf5 26. Ne4 Bb5 27. d6 cxd6 28. Bxg8 Rxg8 29. Rgd1 Ne3 30. Rxd6 Rxg2+ 31. Ke1 Re2# 0-1

[Event "Titled Tuesday intern op 03rd Sep Late"]
[Site "Chess.com INT"]
[Date "2024.09.03"]
[Round "5"]
[White "Manon Og, Ramon Jr"]
[Black "Guevara Sanchez, Erick Marvin"]
[Result "1-0"]
[WhiteElo "1936"]
[BlackElo "2040"]
[PlyCount "59"]
[EventDate "2024.09.03"]
[EventType "swiss (blitz)"]
[EventRounds "11"]
[EventCountry "USA"]
[SourceTitle "EXT 2025"]
[Source "ChessBase"]
[SourceDate "2024.10.14"]
[SourceVersion "1"]
[SourceVersionDate "2024.10.14"]
[SourceQuality "1"]

1. e4 c5 2. Nf3 Nc6 3. Bb5 Nd4 4. Nxd4 cxd4 5. 0-0 a6 6. Bc4 e6 7. d3 b5 8. Bb3 Bc5 9. f4 Ne7 10. f5 Bb7 11. fxe6 dxe6 12. Qh5 Qd6 13. Qxf7+ Kd7 14. Bf4 e5 15. Bg5 Rhf8 16. Qxg7 Rxf1+ 17. Kxf1 Re8 18. Nd2 Kc8 19. a4 Ng6 20. axb5 axb5 21. Qxh7 Rh8 22. Qg7 Rxh2 23. Kg1 Rh8 24. Bf6 Rf8 25. Rf1 Nf4 26. Bxe5 Ne2+ 27. Kh2 Rxf1 28. Nxf1 Qf8 29. Be6+ Kd8 30. Qd7# 1-0

[Event "Titled Tuesday intern op 03rd Sep Early"]
[Site "Chess.com INT"]
[Date "2024.09.03"]
[Round "4"]
[White "Manon Og, Ramon Jr"]
[Black "Levitan, Judah Nathan"]
[Result "0-1"]
[WhiteElo "1936"]
[BlackElo "1979"]
[PlyCount "50"]
[EventDate "2024.09.03"]
[EventType "swiss (blitz)"]
[EventRounds "11"]
[EventCountry "USA"]
[SourceTitle "EXT 2025"]
[Source "ChessBase"]
[SourceDate "2024.10.14"]
[SourceVersion "1"]
[SourceVersionDate "2024.10.14"]
[SourceQuality "1"]

1. e4 c5 2. Nf3 e6 3. g3 Nc6 4. Bg2 d5 5. exd5 exd5 6. 0-0 Nf6 7. d4 Be6 8. c3 Rc8 9. Re1 cxd4 10. Nxd4 Nxd4 11. Qxd4 Bc5 12. Qa4+ Qd7 13. Qxd7+ Kxd7 14. Nd2 Ng4 15. Re2 d4 16. cxd4 Bxd4 17. h3 Nxf2 18. Rxf2 Rc2 19. Ne4 f5 20. Kf1 Bc4+ 21. Ke1 Bxf2+ 22. Nxf2 Re8+ 23. Kd1 Rxf2 24. Bxb7 Ree2 25. b3 Rf1# 0-1

[Event "Titled Tuesday intern op 03rd Sep Early"]
[Site "Chess.com INT"]
[Date "2024.09.03"]
[Round "2"]
[White "Manon Og, Ramon Jr"]
[Black "Materia, Marco"]
[Result "0-1"]
[WhiteElo "1936"]
[BlackElo "2457"]
[PlyCount "92"]
[EventDate "2024.09.03"]
[EventType "swiss (blitz)"]
[EventRounds "11"]
[EventCountry "USA"]
[SourceTitle "EXT 2025"]
[Source "ChessBase"]
[SourceDate "2024.10.14"]
[SourceVersion "1"]
[SourceVersionDate "2024.10.14"]
[SourceQuality "1"]

1. e4 d6 2. d4 g6 3. Nc3 Bg7 4. Be3 Nc6 5. d5 Ne5 6. Qd2 Nf6 7. Be2 0-0 8. Nf3 Neg4 9. Bg5 h6 10. Bh4 g5 11. Bg3 Nh5 12. 0-0-0 Nxg3 13. hxg3 Nxf2 14. Rdf1 Nxh1 15. Rxh1 e6 16. Nh2 exd5 17. Nxd5 c6 18. Ne3 Re8 19. Nhg4 Rxe4 20. Nxh6+ Bxh6 21. Rxh6 Qb6 22. Nd5 Qg1+ 23. Bd1 Re5 24. Nf6+ Kg7 25. Qxd6 Re6 26. Rh7+ Kxf6 27. Qd8+ Ke5 28. Qxg5+ Kd6 29. Qd8+ Bd7 30. Qxa8 Qe3+ 31. Kb1 Qd2 32. Qb8+ Ke7 33. Rh1 Re1 34. Rxe1+ Qxe1 35. Kc1 Qe3+ 36. Kb1 Qd2 37. Qe5+ Be6 38. Qe2 Qd5 39. g4 Qxa2+ 40. Kc1 Qa1+ 41. Kd2 Qxb2 42. Qd3 Qb4+ 43. Kc1 a5 44. Bf3 a4 45. g5 a3 46. g6 a2 0-1

[Event "Titled Tuesday intern op 03rd Sep Late"]
[Site "Chess.com INT"]
[Date "2024.09.03"]
[Round "8"]
[White "Manon Og, Ramon Jr"]
[Black "Ruchinskaya, Valerie"]
[Result "0-1"]
[WhiteElo "1936"]
[BlackElo "1925"]
[PlyCount "106"]
[EventDate "2024.09.03"]
[EventType "swiss (blitz)"]
[EventRounds "11"]
[EventCountry "USA"]
[SourceTitle "EXT 2025"]
[Source "ChessBase"]
[SourceDate "2024.10.14"]
[SourceVersion "1"]
[SourceVersionDate "2024.10.14"]
[SourceQuality "1"]

1. e4 e6 2. d4 d5 3. Nd2 Be7 4. Ngf3 Nf6 5. Bd3 c5 6. exd5 Qxd5 7. c3 0-0 8. 0-0 cxd4 9. Nxd4 Nc6 10. Nxc6 Qxc6 11. Nf3 b6 12. Bg5 Bb7 13. Qc2 h6 14. Bh4 Rfd8 15. Rad1 Qc7 16. Bg3 Bd6 17. Nd4 Bxg3 18. hxg3 Nd5 19. Rfe1 a6 20. Bh7+ Kh8 21. Be4 Nf6 22. Bf3 Rac8 23. Qb3 Bxf3 24. gxf3 b5 25. Kg2 Kg8 26. a4 bxa4 27. Qxa4 Qb6 28. Re2 Nd5 29. Red2 a5 30. Nb5 Rb8 31. c4 Ne7 32. Rd6 Rxd6 33. Rxd6 Qc5 34. b3 Kh7 35. Rd7 Nc6 36. Rxf7 Ne5 37. Rf4 g5 38. Re4 Rf8 39. Qxa5 Nxf3 40. Rxe6 Nh4+ 41. Kh3 Qf5+ 42. Kh2 Qxf2+ 43. Kh3 Qf5+ 44. Kh2 Qxe6 45. Qa7+ Rf7 46. Qxf7+ Qxf7 47. gxh4 Qf2+ 48. Kh3 Qf3+ 49. Kh2 g4 50. Nd4 g3+ 51. Kh3 Qf2 52. Nf5 g2 53. Ng3 g1Q 0-1

[Event "Titled Tuesday intern op 03rd Sep Late"]
[Site "Chess.com INT"]
[Date "2024.09.03"]
[Round "6"]
[White "Vlassov, Nikolai"]
[Black "Manon Og, Ramon Jr"]
[Result "1-0"]
[WhiteElo "2291"]
[BlackElo "1936"]
[PlyCount "45"]
[EventDate "2024.09.03"]
[EventType "swiss (blitz)"]
[EventRounds "11"]
[EventCountry "USA"]
[SourceTitle "EXT 2025"]
[Source "ChessBase"]
[SourceDate "2024.10.14"]
[SourceVersion "1"]
[SourceVersionDate "2024.10.14"]
[SourceQuality "1"]

1. e4 c5 2. c3 Nf6 3. e5 Nd5 4. d4 e6 5. c4 Nb6 6. dxc5 Bxc5 7. Qg4 Kf8 8. Nc3 Nc6 9. Nf3 Nb4 10. Bg5 Be7 11. 0-0-0 Nc6 12. h4 h6 13. Be3 Na5 14. Rh3 h5 15. Qf4 g6 16. Ne4 Kg7 17. Nfg5 Qf8 18. Rf3 d5 19. Qxf7+ Qxf7 20. Rxf7+ Kg8 21. Rxe7 Nc6 22. Nf6+ Kf8 23. Rf7# 1-0

[Event "Titled Tuesday intern op 27th Aug Early"]
[Site "Chess.com INT"]
[Date "2024.08.27"]
[Round "5"]
[White "Manon Og, Ramon Jr"]
[Black "Exposito Milan, Adrian"]
[Result "1-0"]
[WhiteElo "1936"]
[BlackElo "2246"]
[PlyCount "61"]
[EventDate "2024.08.27"]
[EventType "swiss (blitz)"]
[EventRounds "11"]
[EventCountry "USA"]
[SourceTitle "EXT 2025"]
[Source "ChessBase"]
[SourceDate "2024.10.14"]
[SourceVersion "1"]
[SourceVersionDate "2024.10.14"]
[SourceQuality "1"]

1. e4 c5 2. Nf3 d6 3. Bb5+ Bd7 4. Bxd7+ Qxd7 5. c4 Nc6 6. d4 cxd4 7. Nxd4 Nf6 8. Nc3 g6 9. f3 Bg7 10. Be3 0-0 11. 0-0 a6 12. b3 e6 13. Qd2 Rfd8 14. Rac1 d5 15. cxd5 exd5 16. Nxc6 bxc6 17. e5 Ne8 18. Na4 Qe6 19. f4 Nc7 20. Nc5 Qe7 21. Nb7 Rdb8 22. Nd6 Qd7 23. Qc3 Nb5 24. Qxc6 Qxc6 25. Rxc6 Nxd6 26. Rxd6 Rd8 27. Rd1 Rxd6 28. exd6 Rd8 29. Rxd5 f5 30. d7 Kf7 31. Bb6 1-0

[Event "Titled Tuesday intern op 27th Aug Early"]
[Site "Chess.com INT"]
[Date "2024.08.27"]
[Round "6"]
[White "Tharushi, THD Niklesha"]
[Black "Manon Og, Ramon Jr"]
[Result "0-1"]
[WhiteElo "1852"]
[BlackElo "1936"]
[PlyCount "78"]
[EventDate "2024.08.27"]
[EventType "swiss (blitz)"]
[EventRounds "11"]
[EventCountry "USA"]
[SourceTitle "EXT 2025"]
[Source "ChessBase"]
[SourceDate "2024.10.14"]
[SourceVersion "1"]
[SourceVersionDate "2024.10.14"]
[SourceQuality "1"]

1. e4 c5 2. Nf3 d6 3. Bb5+ Nd7 4. a4 a6 5. Be2 Ngf6 6. Nc3 g6 7. 0-0 Bg7 8. a5 0-0 9. Re1 b5 10. axb6 Nxb6 11. d3 Bb7 12. Bg5 c4 13. dxc4 h6 14. Bxf6 Bxf6 15. e5 dxe5 16. c5 Nd7 17. b4 e4 18. Nd4 Nxc5 19. bxc5 Qxd4 20. Qxd4 Bxd4 21. Ra3 Bxc5 22. Rb3 Bc6 23. Reb1 a5 24. Bb5 Rfc8 25. Bxc6 Rxc6 26. Nxe4 Bd4 27. c3 Be5 28. Rb5 Bxc3 29. Rc1 Rac8 30. h4 Bb4 31. Rb1 Rc1+ 32. Rxc1 Rxc1+ 33. Kh2 Rc4 34. Ng3 Rxh4+ 35. Kg1 a4 36. Ne2 a3 37. Nc1 Rc4 38. Na2 Bd6 39. Ra5 Rc2 0-1

[Event "Titled Tuesday intern op 27th Aug Late"]
[Site "Chess.com INT"]
[Date "2024.08.27"]
[Round "5"]
[White "Urbani, Gabriel"]
[Black "Manon Og, Ramon Jr"]
[Result "1-0"]
[WhiteElo "2070"]
[BlackElo "1936"]
[PlyCount "67"]
[EventDate "2024.08.27"]
[EventType "swiss (blitz)"]
[EventRounds "11"]
[EventCountry "USA"]
[SourceTitle "EXT 2025"]
[Source "ChessBase"]
[SourceDate "2024.10.14"]
[SourceVersion "1"]
[SourceVersionDate "2024.10.14"]
[SourceQuality "1"]

1. d4 Nf6 2. c4 g6 3. Nc3 d5 4. cxd5 Nxd5 5. e4 Nxc3 6. bxc3 Bg7 7. Nf3 c5 8. Be3 0-0 9. Bc4 cxd4 10. cxd4 Bg4 11. 0-0 Nc6 12. e5 Bxf3 13. gxf3 e6 14. Rb1 b6 15. Qd3 Qh4 16. Qe4 Qxe4 17. fxe4 Rfd8 18. Rfd1 Rac8 19. Ba6 Rb8 20. f4 Bf8 21. d5 Nb4 22. Bc4 b5 23. Bb3 a5 24. dxe6 fxe6 25. Bxe6+ Kg7 26. Rbc1 Kh8 27. Rxd8 Rxd8 28. Rc7 Rd3 29. Kf2 Rd8 30. Kf3 a4 31. Rb7 Nc2 32. Bb6 Rd3+ 33. Ke2 Rh3 34. Bxh3 1-0

[Event "Titled Tuesday intern op 20th Aug Late"]
[Site "Chess.com INT"]
[Date "2024.08.20"]
[Round "4"]
[White "Manon Og, Ramon Jr"]
[Black "Kanakaris, Georgios"]
[Result "0-1"]
[WhiteElo "1936"]
[BlackElo "2404"]
[PlyCount "48"]
[EventDate "2024.08.20"]
[EventType "swiss (blitz)"]
[EventRounds "11"]
[EventCountry "USA"]
[SourceTitle "EXT 2025"]
[Source "ChessBase"]
[SourceDate "2024.10.14"]
[SourceVersion "1"]
[SourceVersionDate "2024.10.14"]
[SourceQuality "1"]

1. e4 e6 2. d4 d5 3. Nd2 Be7 4. Ngf3 Nf6 5. exd5 exd5 6. Bd3 0-0 7. 0-0 Nc6 8. c3 Bg4 9. Re1 Bd6 10. Nf1 Re8 11. Bg5 Rxe1 12. Qxe1 Bxf3 13. gxf3 h6 14. Bh4 g5 15. Bg3 Nh5 16. Ne3 Nf4 17. Bxf4 Bxf4 18. Nf5 Qf6 19. Qe2 Rf8 20. Re1 Bd6 21. Bc2 Rd8 22. Kh1 Kf8 23. Qb5 Ne7 24. Qxd5 Nxd5 0-1

[Event "Titled Tuesday intern op 20th Aug Late"]
[Site "Chess.com INT"]
[Date "2024.08.20"]
[Round "2"]
[White "Manon Og, Ramon Jr"]
[Black "Kokoszczynski, Jan"]
[Result "0-1"]
[WhiteElo "1936"]
[BlackElo "2329"]
[PlyCount "80"]
[EventDate "2024.08.20"]
[EventType "swiss (blitz)"]
[EventRounds "11"]
[EventCountry "USA"]
[SourceTitle "EXT 2025"]
[Source "ChessBase"]
[SourceDate "2024.10.14"]
[SourceVersion "1"]
[SourceVersionDate "2024.10.14"]
[SourceQuality "1"]

1. e4 c5 2. Nf3 Nc6 3. Bb5 e5 4. 0-0 Bd6 5. c3 a6 6. Bxc6 dxc6 7. d4 cxd4 8. cxd4 exd4 9. Qxd4 f6 10. e5 fxe5 11. Nxe5 Nf6 12. Nc4 Bxh2+ 13. Kxh2 Qxd4 14. Re1+ Kf8 15. Ne3 Be6 16. Nc3 Re8 17. Rd1 Qh4+ 18. Kg1 Ng4 19. Nxg4 Bxg4 20. Rf1 Kf7 21. Bf4 Qf6 22. Bg3 Re6 23. Nd1 Bxd1 24. Rfxd1 Rd8 25. Rdc1 Re2 26. Rc4 g5 27. Rc3 h5 28. Rf3 Qxf3 29. gxf3 h4 30. Bc7 Rdd2 31. Bb6 Rxb2 32. Bd4 Rxa2 33. Rc1 a5 34. Be3 a4 35. Rb1 b5 36. Rc1 Rac2 37. Rd1 a3 38. Rd7+ Ke6 39. Ra7 Rxe3 40. Kg2 a2 0-1

[Event "Titled Tuesday intern op 20th Aug Late"]
[Site "Chess.com INT"]
[Date "2024.08.20"]
[Round "11"]
[White "Manon Og, Ramon Jr"]
[Black "Yang, Kaiqi"]
[Result "1-0"]
[WhiteElo "1936"]
[BlackElo "2481"]
[PlyCount "77"]
[EventDate "2024.08.20"]
[EventType "swiss (blitz)"]
[EventRounds "11"]
[EventCountry "USA"]
[SourceTitle "EXT 2025"]
[Source "ChessBase"]
[SourceDate "2024.10.14"]
[SourceVersion "1"]
[SourceVersionDate "2024.10.14"]
[SourceQuality "1"]

1. e4 c6 2. d4 d5 3. e5 Bf5 4. Nd2 e6 5. Nb3 Nd7 6. Nf3 a6 7. Be2 Rc8 8. 0-0 c5 9. c3 h6 10. h3 Bh7 11. Re1 c4 12. Nbd2 Ne7 13. Nf1 Nf5 14. Ng3 Be7 15. Nh2 b5 16. Bg4 Nf8 17. Nxf5 exf5 18. Bh5 Ne6 19. Nf1 0-0 20. Ng3 f4 21. Ne2 g5 22. Bg4 Qb6 23. g3 f5 24. exf6 Rxf6 25. gxf4 Rcf8 26. Ng3 gxf4 27. Nh5 Rg6 28. Kh1 Bg5 29. Qe2 Ng7 30. Qf3 Nxh5 31. Qxd5+ Kh8 32. Bxh5 Rg7 33. Re6 Qc7 34. Qd6 Bf5 35. Qxf8+ Rg8 36. Qxf5 Qg7 37. Rg6 Qe7 38. Rxg8+ Kxg8 39. Bxf4 1-0

[Event "Titled Tuesday intern op 20th Aug Late"]
[Site "Chess.com INT"]
[Date "2024.08.20"]
[Round "3"]
[White "Otero Marino, Alain"]
[Black "Manon Og, Ramon Jr"]
[Result "1-0"]
[WhiteElo "2293"]
[BlackElo "1936"]
[PlyCount "85"]
[EventDate "2024.08.20"]
[EventType "swiss (blitz)"]
[EventRounds "11"]
[EventCountry "USA"]
[SourceTitle "EXT 2025"]
[Source "ChessBase"]
[SourceDate "2024.10.14"]
[SourceVersion "1"]
[SourceVersionDate "2024.10.14"]
[SourceQuality "1"]

1. c4 Nf6 2. Nc3 g6 3. e4 Bg7 4. d4 d6 5. Nf3 0-0 6. Be2 e5 7. dxe5 dxe5 8. Qxd8 Rxd8 9. Bg5 Nbd7 10. Nd5 c6 11. Ne7+ Kf8 12. Nxc8 Raxc8 13. 0-0-0 Re8 14. Nd2 Nc5 15. f3 Rcd8 16. Be3 Ne6 17. Nb3 b6 18. c5 b5 19. Na5 Nd4 20. Bxd4 exd4 21. Nxc6 Rc8 22. Bxb5 a6 23. Ba4 Re6 24. Nxd4 Rxc5+ 25. Kb1 Rb6 26. Nb3 Rc4 27. Bd7 Ke7 28. Bh3 Nh5 29. Rd7+ Ke8 30. Rhd1 Bf6 31. g3 a5 32. Ra7 a4 33. Bd7+ Kf8 34. Bxa4 Rb8 35. Bd7 Ng7 36. Bh3 Ne6 37. Bxe6 fxe6 38. Rc1 Rcb4 39. Rcc7 Be5 40. Rf7+ Kg8 41. f4 Bd4 42. Nxd4 Rxd4 43. Rg7+ 1-0

[Event "Titled Tuesday intern op 06th Aug Late"]
[Site "Chess.com INT"]
[Date "2024.08.06"]
[Round "6"]
[White "Ferreira, Vitor Hugo Vieira"]
[Black "Manon Og, Ramon Jr"]
[Result "0-1"]
[WhiteElo "2128"]
[BlackElo "1936"]
[PlyCount "118"]
[EventDate "2024.08.06"]
[EventType "swiss (blitz)"]
[EventRounds "11"]
[EventCountry "USA"]
[SourceTitle "EXT 2025"]
[Source "ChessBase"]
[SourceDate "2024.10.14"]
[SourceVersion "1"]
[SourceVersionDate "2024.10.14"]
[SourceQuality "1"]

1. d4 Nf6 2. c4 g6 3. Nc3 d5 4. Nf3 Bg7 5. Qb3 dxc4 6. Qxc4 0-0 7. e4 Nc6 8. Be2 e5 9. d5 Nd4 10. Nxd4 exd4 11. Qxd4 Re8 12. Qc4 c6 13. 0-0 cxd5 14. exd5 Bd7 15. Be3 Rc8 16. Qh4 a6 17. Rfd1 Qa5 18. Bd4 Qd8 19. Bf3 Bf5 20. h3 h6 21. Qf4 Bc2 22. Rd2 g5 23. Qg3 Bf5 24. d6 Rc4 25. Bxb7 Rxd4 26. Rxd4 Qb6 27. d7 Rd8 28. Qd6 Qxb7 29. Rad1 Rxd7 30. Qe5 Rxd4 31. Rxd4 Be6 32. Qe2 Nd5 33. Re4 Nxc3 34. bxc3 Bxc3 35. Ra4 a5 36. h4 Qb1+ 37. Kh2 Qf5 38. hxg5 hxg5 39. g4 Be5+ 40. Kg1 Qb1+ 41. Kg2 Bd5+ 42. f3 Bf4 43. Rxa5 Qb7 44. Rb5 Qc6 45. Rb2 Be6 46. Rc2 Qd5 47. Kh3 Qd4 48. Kg2 Qh8 49. Kf1 Qh1+ 50. Kf2 Qh2+ 51. Ke1 Qg1+ 52. Qf1 Bg3+ 53. Ke2 Qh2+ 54. Kd3 Qh4 55. Kc3 Be5+ 56. Kd2 Qg3 57. Kc1 Qf4+ 58. Kb1 Kg7 59. Qc1 Qd4 0-1